000 00871nam0a2200301 4500
001 RU\NLR\bibl\913604
005 20250614184203.0
010 _a5-699-14145-6
_94000
021 _aRU
_b2006-1737
_976
035 _a(NLR Aleph) 000901928
090 _a1779081
_c1779081
100 _a20060307d2005 |||y0rusy50 ca
101 0 _arus
102 _aRU
105 _ay |||||||||
200 1 _aЧем пахнут деньги?
_e[повесть]
_fВиктор Снежный
210 _aМосква
_cЭксмо
_d2005
215 _a316,[1] с.
_d17
225 1 _aРусский бестселлер
225 1 _aPocket book
686 _aШ6(2=Р)75-446
700 1 _aСнежный
_bВ. С.
_gВиктор С
_4070
801 0 _aRU
_bNLR
_c20060307
_grcr
801 1 _aRU
_bNLR
_c20060307
942 _cBOOK
980 _aNB